Osvedčenie o zápise ochrannej známky Talent Way.NET

Gespeichert in:
Bibliographische Detailangaben
1. Verfasser: Filo, Peter
Weitere Verfasser: Nekolová, Veronika, 1984-
Format: Buch
Sprache:Slowakisch
Veröffentlicht: Banská Bystrica Úrad priemyselného vlastníctva Slovenskej republiky 2018
Schlagworte:
Tags: Tag hinzufügen
Keine Tags, Fügen Sie das erste Tag hinzu!

MARC

LEADER 00000nam a2200000 4500
001 0252525
005 20240502074042.9
041 0 |a slo 
044 |a SK 
245 1 0 |a Osvedčenie o zápise ochrannej známky  |b Talent Way.NET  |c Peter Filo, Veronika Nekolová 
264 1 |a Banská Bystrica  |b Úrad priemyselného vlastníctva Slovenskej republiky  |c 2018 
300 |a s. [1-3] 
500 |a Úrad priemyselného vlastníctva Slovenskej republiky zapísal do registra ochranných známok podľa paragrafu 33 ods. 1 zákona č. 506/3009 Z.z. o ochranných známkach v z.n.p. ochrannú známku č. 248507. Dátum zápisu: 15.11.2018. Zverejnené vo vestníku UPV SR č. 08/2018. Dátum oznámenia o zápise ochrannej známky: 8.1.2019 vo vestníku UPV SR č. 01/2019. 
610 2 0 |a známky ochranné 
610 2 0 |a patenty 
610 2 0 |a Slovensko 
610 2 0 |a vlastníctvo duševné 
610 2 0 |a patenty 
100 1 |a Filo, Peter 
700 1 |a Nekolová, Veronika, 1984-